000 01322nam a22003498i 4500
001 021333289
003 EG-ScBUE
005 20260211102337.0
008 241026s2025 enka f b 001 0 eng d
020 _a9781802063271
040 _aStDuBDS
_beng
_erda
_cStDuBDS
_dEG-ScBUE
082 0 4 _a305.230973
_222
_bHAI
100 1 _aHaidt, Jonathan,
_eauthor.
245 1 4 _aThe anxious generation :
_bhow the great rewiring of childhood is causing an epidemic of mental illness /
_cJonathan Haidt.
264 1 _aLondon :
_bPenguin Books,
_c2025.
300 _a400 pages :
_billustrations (black and white) ;
_c20 cm
336 _atext
_2rdacontent
_btxt
336 _astill image
_2rdacontent
_btxt
337 _aunmediated
_2rdamedia
_bn
338 _avolume
_2rdacarrier
_bnc
500 _aOriginally published: UK: Allen Lane, 2024.
504 _aIncludes bibliographical references and index.
650 7 _aChildren
_zUnited States
_xSocial conditions
_y21st century.
_2BUEsh
650 7 _aInternet and children
_zUnited States.
_2BUEsh
650 7 _aSocial media
_xPsychological aspects.
_2BUEsh
650 7 _aChild mental health
_zUnited States.
_2BUEsh
650 7 _aChild development
_zUnited States.
_2BUEsh
653 _cFebruary2026
_bGGEN
655 _vReading book
942 _2ddc
_cBB
999 _c31117
_d31088